| 000 | 00529nam a22001937a 4500 | ||
|---|---|---|---|
| 003 | PILC | ||
| 005 | 20160129114314.0 | ||
| 008 | 121115t xxu||||| |||| 00| 0 eng d | ||
| 020 | _a070993004958 | ||
| 050 |
_aPS 3570.U754 _b.T862i 1987 |
||
| 082 |
_aFIC _bT86t 1987 |
||
| 100 | _aTurow, Scott | ||
| 245 |
_aPresumed innocent _cScott Turow |
||
| 260 |
_aNew York _bWarner Books, Inc _c1987 |
||
| 300 |
_g17cm _a421 p. ; |
||
| 650 |
_a Kindle County (Imaginary place) _xFiction. _917885 |
||
| 942 |
_2lcc _cBK |
||
| 999 |
_c10838 _d10838 |
||